[Event "Registro op 10th"]
[Site "Registro"]
[Date "2019.08.03"]
[Round "4"]
[White "Deus Filho, Joaquim"]
[Black "Pereira, Daniele Costa"]
[Result "1-0"]
[WhiteElo "1926"]
[BlackElo "1634"]
[PlyCount "59"]
[EventDate "2019.08.01"]
[EventType "swiss"]
[EventRounds "7"]
[EventCountry "BRA"]
[SourceTitle "EXT 2020"]
[Source "ChessBase"]
[SourceDate "2019.10.17"]
[SourceVersion "1"]
[SourceVersionDate "2019.10.17"]
[SourceQuality "1"]

1. b3 d5 2. e3 Nf6 3. Bb2 e6 4. f4 Be7 5. Nf3 0-0 6. Be2 c5 7. 0-0 Nc6 8. Ne5 Qc7 9. Qe1 Ne4 10. d3 Nd6 11. Rf3 f6 12. Nxc6 Qxc6 13. g4 b6 14. Nd2 Bb7 15. Qh4 Qe8 16. Rh3 Qg6 17. Kf2 h6 18. Rg1 Rae8 19. Nf3 Bd8 20. Ke1 Qf7 21. Kd2 b5 22. g5 Nf5 23. Qg4 Qg6 24. gxh6 Qxg4 25. Rxg4 Kf7 26. hxg7 Nxg7 27. Rh7 Rg8 28. Nh4 Bc8 29. Rgxg7+ Rxg7 30. Bh5+ 1-0

[Event "Ilha Comprida Cabeca Memorial U2200"]
[Site "Ilha Comprida"]
[Date "2016.08.20"]
[Round "2.10"]
[White "Pereira, Daniele Costa"]
[Black "Aoyama, Edmundo"]
[Result "1/2-1/2"]
[WhiteElo "1617"]
[BlackElo "1818"]
[PlyCount "38"]
[EventDate "2016.08.20"]
[EventType "swiss"]
[EventRounds "6"]
[EventCountry "BRA"]
[SourceTitle "EXT 2022"]
[Source "ChessBase"]
[SourceDate "2021.10.06"]
[SourceVersion "1"]
[SourceVersionDate "2021.10.06"]
[SourceQuality "1"]

1. d4 d5 2. Nf3 Nf6 3. Bf4 e6 4. e3 Be7 5. Bd3 0-0 6. h3 Nbd7 7. 0-0 c5 8. c3 b6 9. Nbd2 Bb7 10. Ne5 Re8 11. Qe2 Nf8 12. Bb5 N6d7 13. Nc6 Qc8 14. Nxe7+ Rxe7 15. dxc5 bxc5 16. Nb3 a6 17. Ba4 Bc6 18. Bxc6 Qxc6 19. Bg3 a5 1/2-1/2

[Event "Sao Paulo Cordioli Memorial"]
[Site "Sao Paulo"]
[Date "2015.09.07"]
[Round "5"]
[White "Poeta, Caio Medeiros"]
[Black "Pereira, Daniele Costa"]
[Result "1-0"]
[WhiteElo "1980"]
[BlackElo "1610"]
[PlyCount "75"]
[EventDate "2015.09.05"]
[EventType "swiss"]
[EventRounds "6"]
[EventCountry "BRA"]
[SourceTitle "EXT 2024"]
[Source "ChessBase"]
[SourceDate "2023.10.10"]
[SourceVersion "1"]
[SourceVersionDate "2023.10.10"]
[SourceQuality "1"]

1. e4 e6 2. Qe2 Be7 3. g3 d5 4. d3 Nf6 5. Bg2 0-0 6. Nf3 Re8 7. 0-0 c5 8. c3 Nc6 9. Ne1 Qb6 10. e5 Nd7 11. f4 Qc7 12. Be3 b6 13. d4 Bb7 14. f5 cxd4 15. cxd4 Nb4 16. Qg4 Ba6 17. Bh6 Bf8 18. Bxg7 exf5 19. Rxf5 Bxg7 20. Nc3 h6 21. a3 Nd3 22. Nxd5 Qd8 23. Nf6+ Kf8 24. Nxe8 Qxe8 25. Bd5 Nf6 26. exf6 Qe3+ 27. Kg2 Bxf6 28. Rxf6 Qd2+ 29. Kh3 Bc8 30. Rxf7+ Ke8 31. Be6 Nf2+ 32. Rxf2 Qxf2 33. Bxc8 Qf1+ 34. Ng2 Qxa1 35. Qe6+ Kf8 36. Qd6+ Kg7 37. Nf4 Rxc8 38. Qd7+ 1-0

[Event "BRA-ch Amateur"]
[Site "Sao Paulo"]
[Date "2015.04.02"]
[Round "5"]
[White "Ribeiro, Pablyto Robert Baio"]
[Black "Pereira, Daniele Costa"]
[Result "0-1"]
[WhiteElo "1955"]
[BlackElo "1582"]
[PlyCount "38"]
[EventDate "2015.04.30"]
[EventType "swiss"]
[EventRounds "7"]
[EventCountry "BRA"]
[SourceTitle "EXT 2022"]
[Source "ChessBase"]
[SourceDate "2021.10.06"]
[SourceVersion "1"]
[SourceVersionDate "2021.10.06"]
[SourceQuality "1"]

1. e4 e6 2. d3 d5 3. Nd2 dxe4 4. dxe4 b6 5. Ngf3 Bb7 6. Bb5+ Nc6 7. 0-0 g6 8. Re1 Bg7 9. Bd3 Nge7 10. h3 0-0 11. e5 Nd5 12. a3 Nf4 13. Be4 Rb8 14. Bxc6 Bxc6 15. b3 Qe7 16. Bb2 Rfd8 17. Qc1 Bh6 18. Kh2 Nxg2 19. Kxg2 Bxd2 0-1

[Event "BRA-ch Amateur"]
[Site "Sao Paulo"]
[Date "2015.04.01"]
[Round "3"]
[White "Pereira, Daniele Costa"]
[Black "Sato, Luiz Henrique Yuzo"]
[Result "1-0"]
[WhiteElo "1582"]
[BlackElo "1240"]
[PlyCount "125"]
[EventDate "2015.04.30"]
[EventType "swiss"]
[EventRounds "7"]
[EventCountry "BRA"]
[SourceTitle "EXT 2022"]
[Source "ChessBase"]
[SourceDate "2021.10.06"]
[SourceVersion "1"]
[SourceVersionDate "2021.10.06"]
[SourceQuality "1"]

1. d4 Nf6 2. Nf3 d5 3. Bf4 Nc6 4. e3 Bf5 5. Bd3 Bxd3 6. Qxd3 e6 7. c3 Bd6 8. Bg5 h6 9. Bh4 0-0 10. Nbd2 Qe7 11. e4 Bf4 12. e5 Bxd2+ 13. Nxd2 g5 14. exf6 Qxf6 15. Bg3 Rfe8 16. 0-0 e5 17. dxe5 Nxe5 18. Bxe5 Rxe5 19. Nf3 Rf5 20. Qd4 Qxd4 21. Nxd4 Re5 22. Rfe1 Rae8 23. Kf1 Kg7 24. Rxe5 Rxe5 25. Re1 Kf6 26. Rxe5 Kxe5 27. Ke2 c5 28. Nf3+ Ke4 29. Nd2+ Ke5 30. Ke3 g4 31. f3 f5 32. f4+ Ke6 33. Nb3 b6 34. Nc1 h5 35. Nd3 a6 36. b4 d4+ 37. cxd4 c4 38. Ne5 Kd5 39. g3 c3 40. Kd3 c2 41. Kxc2 Kxd4 42. Nd7 Kc4 43. Nxb6+ Kxb4 44. Nd7 Kc4 45. Nf6 Kd4 46. Nxh5 Ke3 47. Ng7 Ke4 48. Kc3 Kf3 49. Nxf5 Kg2 50. Nh6 Kxh2 51. Nxg4+ Kxg3 52. f5 Kxg4 53. f6 Kg5 54. f7 Kg6 55. f8Q Kg5 56. Qf7 Kg4 57. Qf6 Kg3 58. Kd3 Kg2 59. Qf4 Kg1 60. Qd2 Kh1 61. Ke3 Kg1 62. Kf3 Kh1 63. Qg2# 1-0

[Event "Sao Bento do Sul op 2nd"]
[Site "Sao Bento do Sul"]
[Date "2014.02.21"]
[Round "2"]
[White "Pereira, Daniele Costa"]
[Black "Hille, Waltercler"]
[Result "0-1"]
[WhiteElo "1592"]
[BlackElo "1884"]
[PlyCount "46"]
[EventDate "2014.02.21"]
[EventType "swiss"]
[EventRounds "6"]
[EventCountry "BRA"]
[SourceTitle "CBM 159 Extra"]
[Source "ChessBase"]
[SourceDate "2014.04.24"]
[SourceVersion "1"]
[SourceVersionDate "2014.04.24"]
[SourceQuality "1"]

1. Nf3 Nf6 2. g3 d5 3. Bg2 g6 4. 0-0 Bg7 5. d3 0-0 6. Nbd2 c5 7. Rb1 Nc6 8. c4 e5 9. Qc2 b6 10. a3 a5 11. cxd5 Nxd5 12. Nc4 h6 13. Ne3 Be6 14. Bd2 Rc8 15. Rfc1 Nd4 16. Nxd4 cxd4 17. Qd1 dxe3 18. fxe3 b5 19. e4 Qb6+ 20. Kh1 Nf6 21. Bf3 Ng4 22. Qf1 Nf2+ 23. Kg2 Bh3+ 0-1

[Event "Sao Jose dos Campos op"]
[Site "Sao Jose dos Campos"]
[Date "2012.12.02"]
[Round "7"]
[White "Dias, Juliane de Oliveira"]
[Black "Pereira, Daniele Costa"]
[Result "1-0"]
[WhiteElo "1879"]
[BlackElo "1608"]
[PlyCount "69"]
[EventDate "2012.11.29"]
[EventType "swiss"]
[EventRounds "7"]
[EventCountry "BRA"]
[SourceTitle "EXT 2014"]
[Source "ChessBase"]
[SourceDate "2013.11.20"]
[SourceVersion "1"]
[SourceVersionDate "2013.11.20"]
[SourceQuality "1"]

1. e4 e6 2. d4 d5 3. exd5 exd5 4. Nf3 Nf6 5. Bd3 Bd6 6. 0-0 0-0 7. Bg5 Nbd7 8. c3 c6 9. Nbd2 Qc7 10. Qc2 h6 11. Bh4 Nh5 12. Bg3 Nxg3 13. fxg3 Nf6 14. c4 Bd7 15. c5 Be7 16. Ne5 Ng4 17. Bh7+ Kh8 18. Rxf7 Nxe5 19. Rxe7 Nf7 20. Rf1 Ng5 21. Rxf8+ Rxf8 22. Bg6 Qd8 23. Re1 Qf6 24. Nb3 Ne4 25. Bxe4 dxe4 26. Qe2 Bg4 27. Qe3 Re8 28. Rf1 Qe6 29. Rf4 Bf5 30. Nd2 Bg6 31. b3 Bf5 32. Nc4 g5 33. Rf2 Re7 34. Nd6 Bg6 35. Nxb7 1-0

[Event "Sao Jose dos Campos op"]
[Site "Sao Jose dos Campos"]
[Date "2012.12.02"]
[Round "6"]
[White "Pereira, Daniele Costa"]
[Black "Reis, Virginia Lagrange M"]
[Result "1/2-1/2"]
[WhiteElo "1608"]
[BlackElo "1899"]
[PlyCount "73"]
[EventDate "2012.11.29"]
[EventType "swiss"]
[EventRounds "7"]
[EventCountry "BRA"]
[SourceTitle "EXT 2014"]
[Source "ChessBase"]
[SourceDate "2013.11.20"]
[SourceVersion "1"]
[SourceVersionDate "2013.11.20"]
[SourceQuality "1"]

1. d4 Nf6 2. c4 c5 3. d5 b5 4. cxb5 a6 5. b6 Qxb6 6. Nc3 d6 7. e4 g6 8. Qc2 Bg7 9. b3 Nxe4 10. Bb2 Nxc3 11. Bxc3 Bxc3+ 12. Qxc3 Qb4 13. Qxb4 cxb4 14. Bc4 Nd7 15. Nf3 Bb7 16. 0-0 0-0 17. Rfe1 Rfe8 18. Re3 Nb6 19. Rae1 Nxd5 20. Bxd5 Bxd5 21. Rxe7 Rxe7 22. Rxe7 Rc8 23. Re2 Bxf3 24. gxf3 Kf8 25. Kg2 d5 26. Kg3 d4 27. Rd2 Rd8 28. Kf4 f5 29. Rd3 Rd5 30. Rd2 h6 31. h4 Kf7 32. Kg3 g5 33. hxg5 hxg5 34. f4 g4 35. f3 gxf3 36. Kxf3 Ke6 37. Ke2 1/2-1/2

[Event "Sao Jose dos Campos op"]
[Site "Sao Jose dos Campos"]
[Date "2012.12.01"]
[Round "4"]
[White "Hara, Aroldo Hiroiuqui"]
[Black "Pereira, Daniele Costa"]
[Result "1-0"]
[WhiteElo "1930"]
[BlackElo "1608"]
[PlyCount "93"]
[EventDate "2012.11.29"]
[EventType "swiss"]
[EventRounds "7"]
[EventCountry "BRA"]
[SourceTitle "EXT 2014"]
[Source "ChessBase"]
[SourceDate "2013.11.20"]
[SourceVersion "1"]
[SourceVersionDate "2013.11.20"]
[SourceQuality "1"]

1. d4 Nf6 2. c4 g6 3. Nc3 Bg7 4. e4 d6 5. Bd3 0-0 6. f3 e5 7. d5 Nbd7 8. Nge2 Nc5 9. Bc2 Qe7 10. 0-0 Ne8 11. Ng3 f5 12. exf5 Bxf5 13. Nxf5 gxf5 14. b4 Nd7 15. Bb2 Bh6 16. Ne2 Be3+ 17. Kh1 f4 18. Nc3 Ndf6 19. Bf5 Ng7 20. Bh3 Nfh5 21. Qd3 Bd4 22. Rae1 a6 23. Qxd4 exd4 24. Rxe7 dxc3 25. Bxc3 Rf7 26. Rfe1 Kf8 27. Rxf7+ Kxf7 28. Kg1 b6 29. a4 Nf6 30. Bxf6 Kxf6 31. Re4 Rh8 32. Rxf4+ Ke7 33. Kf2 Nh5 34. Re4+ Kd8 35. g3 Nf6 36. Re6 Nd7 37. Rh6 Ne5 38. Bf1 Ke7 39. c5 a5 40. cxd6+ cxd6 41. bxa5 bxa5 42. Bb5 Ng6 43. Bd3 Nf8 44. Ke3 Kd7 45. Kd4 Kc7 46. Kc4 Kd7 47. Kb5 1-0

[Event "Sao Bernardo do Campo LXSBC op 4th"]
[Site "Sao Bernardo do Campo"]
[Date "2012.07.13"]
[Round "1"]
[White "Hengles, Roberto Carlos"]
[Black "Pereira, Daniele Costa"]
[Result "1-0"]
[WhiteElo "1914"]
[BlackElo "1747"]
[PlyCount "97"]
[EventDate "2012.07.13"]
[EventType "swiss"]
[EventRounds "6"]
[EventCountry "BRA"]
[SourceTitle "CBM 149 Extra"]
[Source "ChessBase"]
[SourceDate "2012.08.24"]
[SourceVersion "1"]
[SourceVersionDate "2012.08.24"]
[SourceQuality "1"]

1. e4 e6 2. d4 d5 3. Nd2 c5 4. exd5 cxd4 5. Bb5+ Bd7 6. dxe6 Bxb5 7. exf7+ Kxf7 8. Qh5+ g6 9. Qxb5 Qe7+ 10. Ne2 Nc6 11. 0-0 Rd8 12. Nf3 Nf6 13. Qc4+ Kg7 14. Nfxd4 Nxd4 15. Nxd4 Re8 16. Bg5 h6 17. Bh4 Kh7 18. Nf3 Bg7 19. Rfe1 Qd7 20. Ne5 Qe6 21. Qxe6 Rxe6 22. Nf3 Rhe8 23. Rxe6 Rxe6 24. Kf1 g5 25. Bg3 Ne4 26. c3 Nxg3+ 27. hxg3 Rb6 28. b3 Bxc3 29. Rc1 Rc6 30. g4 Kg6 31. Ke2 Bf6 32. Rxc6 bxc6 33. Kd3 Kf7 34. Nd4 Bxd4 35. Kxd4 Ke6 36. Kc5 Kd7 37. a3 Kc7 38. b4 a6 39. a4 Kb7 40. g3 Kc7 41. a5 Kd7 42. Kb6 Kd6 43. Kxa6 c5 44. bxc5+ Kxc5 45. Kb7 Kc4 46. a6 Kd3 47. a7 Ke2 48. a8Q Kxf2 49. Qa3 1-0

[Event "Sao Bernardo do Campo LXSBC op 4th"]
[Site "Sao Bernardo do Campo"]
[Date "2012.07.13"]
[Round "2"]
[White "Pereira, Daniele Costa"]
[Black "Gomes, Rodrigo Sato"]
[Result "1/2-1/2"]
[WhiteElo "1747"]
[BlackElo "1692"]
[PlyCount "79"]
[EventDate "2012.07.13"]
[EventType "swiss"]
[EventRounds "6"]
[EventCountry "BRA"]
[SourceTitle "CBM 149 Extra"]
[Source "ChessBase"]
[SourceDate "2012.08.24"]
[SourceVersion "1"]
[SourceVersionDate "2012.08.24"]
[SourceQuality "1"]

1. d4 d5 2. e3 Nf6 3. Bd3 e6 4. f4 c5 5. c3 Nc6 6. Nf3 Bd6 7. Ne5 Bxe5 8. fxe5 Ne4 9. 0-0 0-0 10. Nd2 cxd4 11. cxd4 Qg5 12. Nxe4 dxe4 13. Bxe4 Rd8 14. Qf3 Qe7 15. a4 Bd7 16. b3 Rac8 17. Ba3 Qe8 18. Bd6 b6 19. Rac1 a5 20. Rf2 Nxd4 21. Qd1 Rxc1 22. Qxc1 Nxb3 23. Bxh7+ Kxh7 24. Qc2+ Kg8 25. Qxb3 b5 26. axb5 Bxb5 27. h3 a4 28. Qc3 Rc8 29. Qa5 Rc1+ 30. Kh2 Rc8 31. Qa7 Qd7 32. Qxd7 Bxd7 33. Ra2 Rc3 34. Ra3 Rc2 35. Kg1 Bc6 36. g4 Rg2+ 37. Kf1 Rg3 38. e4 Rxa3 39. Bxa3 Bxe4 40. Kf2 1/2-1/2

[Event "BRA-ch U18 Girls"]
[Site "Sao Paulo"]
[Date "2012.04.28"]
[Round "1"]
[White "Pereira, Daniele Costa"]
[Black "Silva, Carolina Alves"]
[Result "1-0"]
[WhiteElo "1780"]
[BlackElo "1690"]
[PlyCount "66"]
[EventDate "2012.04.28"]
[EventType "swiss"]
[EventRounds "7"]
[EventCountry "BRA"]
[SourceTitle "CBM 148 Extra"]
[Source "ChessBase"]
[SourceDate "2012.06.22"]
[SourceVersion "1"]
[SourceVersionDate "2012.06.22"]
[SourceQuality "1"]

1. d4 c5 2. c3 Nc6 3. e3 e6 4. f4 Nf6 5. Bd3 d5 6. Nf3 Ne4 7. 0-0 Bd6 8. Ne5 Qh4 9. Nd2 f5 10. Rf3 c4 11. Bxe4 Bxe5 12. fxe5 Qg4 13. Bc2 0-0 14. Rg3 Qxd1+ 15. Bxd1 Bd7 16. b3 b5 17. bxc4 dxc4 18. a4 Ne7 19. axb5 Bxb5 20. Ba4 a6 21. Bxb5 axb5 22. Rb1 Nd5 23. e4 Nf4 24. Re3 fxe4 25. Nxe4 Ra2 26. Bd2 Nd5 27. Rf3 Rfa8 28. h3 Rb8 29. Rbf1 h6 30. Rg3 g5 31. Bxg5 hxg5 32. Rxg5+ Kh8 33. Rf6 Rg8 1-0